[Event "V MTSz Klubu Polonia Wroclaw"]
[Site "Wroclaw"]
[Date "2010.06.29"]
[Round "5"]
[White "Szczepkowska-Horowska, Karina"]
[Black "Zeberski, Jakub"]
[Result "0-1"]
[WhiteElo "2297"]
[BlackElo "2403"]
[PlyCount "60"]
[EventDate "2010.??.??"]

1. e4 e5 2. Nf3 Nc6 3. Bc4 Nf6 4. Ng5 d5 5. exd5 Na5 6. Bb5+ c6 7. dxc6 bxc6 8.
Be2 h6 9. Nh3 g5 10. d3 Bg7 11. Ng1 O-O 12. Nc3 Nd5 13. Nxd5 cxd5 14. h4 gxh4
15. Nf3 h3 16. gxh3 Nc6 17. c3 Rb8 18. Qa4 Qd6 19. Qh4 f5 20. Nh2 f4 21. Bg4
Ba6 22. Be2 e4 23. d4 Bxe2 24. Kxe2 Nxd4+ 25. Kd1 Qa6 26. Qh5 Qd3+ 27. Bd2 Rxb2
28. Nf1 Qc2+ 29. Ke1 Nf3+ 30. Ke2 Qd3+ 0-1

[Event "V MTSz Klubu Polonia Wroclaw"]
[Site "Wroclaw"]
[Date "2010.06.29"]
[Round "5"]
[White "Kuchynka, Lukas"]
[Black "Sadzikowski, Daniel"]
[Result "0-1"]
[WhiteElo "2334"]
[BlackElo "2258"]
[PlyCount "78"]
[EventDate "2010.??.??"]

1. e4 c5 2. Nf3 d6 3. d4 cxd4 4. Nxd4 Nf6 5. Nc3 a6 6. h3 e6 7. g4 d5 8. exd5
Nxd5 9. Bd2 Bb4 10. Nde2 Nxc3 11. Nxc3 Bd7 12. Bg2 Bc6 13. Bxc6+ Nxc6 14. Qf3
O-O 15. O-O-O Qc7 16. h4 Nd4 17. Qe4 e5 18. Nd5 Bxd2+ 19. Rxd2 Qc4 20. Nc3 b5
21. Qd5 Rac8 22. Kb1 b4 23. Qxc4 Rxc4 24. Nd5 Nf3 25. Rd3 e4 26. Ne7+ Kh8 27.
Rd6 e3 28. fxe3 Rxg4 29. Rhd1 h5 30. Rxa6 Rxh4 31. a4 bxa3 32. Rxa3 Re4 33. Nf5
h4 34. Ra5 g6 35. Nd6 Rxe3 36. c4 h3 37. Ra3 Rxa3 38. bxa3 h2 39. Ne4 Rc8 0-1

[Event "V MTSz Klubu Polonia Wroclaw"]
[Site "Wroclaw"]
[Date "2010.06.29"]
[Round "5"]
[White "Bartel, Michal"]
[Black "Bures, Jaroslav"]
[Result "1/2-1/2"]
[WhiteElo "2287"]
[BlackElo "2327"]
[PlyCount "102"]
[EventDate "2010.??.??"]

1. e4 c6 2. d4 d5 3. e5 Bf5 4. Nd2 e6 5. Nb3 c5 6. dxc5 Bxc5 7. Nxc5 Qa5+ 8. c3
Qxc5 9. Qa4+ Nd7 10. Nf3 Qc7 11. Bf4 Ne7 12. Nd4 O-O 13. Nxf5 Nxf5 14. O-O-O
Nxe5 15. Kb1 Qd7 16. Qc2 Ng6 17. Bc1 Nd6 18. g4 Qc6 19. f4 f5 20. gxf5 Nxf5 21.
Bd3 b5 22. h4 a6 23. Rdg1 Nge7 24. Rg5 Rf6 25. Rhg1 Rg6 26. Bxf5 Nxf5 27. Rxg6
hxg6 28. Rxg6 Nxh4 29. Rg1 Nf5 30. Qg2 Qd7 31. Rh1 Kf7 32. Qh3 Ke7 33. b3 Kd6
34. c4 bxc4 35. bxc4 Rb8+ 36. Ka1 Qa4 37. Bb2 Rxb2 38. Kxb2 Qxc4 39. Qa3+ Kd7
40. Rc1 Nd6 41. Qc3 Qxc3+ 42. Kxc3 g5 43. fxg5 Ne4+ 44. Kd3 Nxg5 45. a4 Ne4 46.
a5 Nd6 47. Kc3 Nc4 48. Kb4 e5 49. Kc5 Nxa5 50. Kxd5 Nb7 51. Kxe5 Na5 1/2-1/2

[Event "V MTSz Klubu Polonia Wroclaw"]
[Site "Wroclaw"]
[Date "2010.06.29"]
[Round "5"]
[White "Paikidze, Nazi"]
[Black "Lach, Aleksandra"]
[Result "1-0"]
[WhiteElo "2317"]
[BlackElo "2179"]
[PlyCount "135"]
[EventDate "2010.??.??"]

1. d4 Nf6 2. Nf3 g6 3. c4 Bg7 4. Nc3 d6 5. e4 O-O 6. h3 e5 7. d5 a5 8. Bg5 Na6
9. Be2 Nc5 10. Nd2 c6 11. O-O h6 12. Be3 Nfd7 13. g4 Qe7 14. Kg2 Kh8 15. b3 f5
16. f3 Rb8 17. a3 Na6 18. Qc2 f4 19. Ba7 Qh4 20. Bf2 Qe7 21. Rab1 c5 22. Na2
Qd8 23. b4 b6 24. bxa5 bxa5 25. Qa4 Ra8 26. Nc3 Rf7 27. Rb2 Bf6 28. Rfb1 Bh4
29. Nd1 Bxf2 30. Nxf2 Nab8 31. Nf1 Qc7 32. Nd1 Rh7 33. Nc3 Qd8 34. Qd1 h5 35.
Qe1 hxg4 36. fxg4 Qf8 37. Na4 Qh6 38. h4 Qxh4 39. Qxh4 Rxh4 40. Nb6 Nxb6 41.
Rxb6 Nd7 42. Rxd6 Kg7 43. Rb7 Rh7 44. Rb5 Ra7 45. Nd2 Nf6 46. Rbb6 Rf7 47. g5
Bh3+ 48. Kf2 Nd7 49. Rxg6+ Kf8 50. Ra6 Rfg7 51. Rxg7 Rxg7 52. g6 Ke7 53. Nf3
Rg8 54. Ng5 Nf6 55. Nxh3 Nxe4+ 56. Ke1 Nd6 57. Bh5 Nxc4 58. Ng5 Nd6 59. Nf7 Nc4
60. d6+ Ke6 61. Bg4+ Kd5 62. d7 Ne3 63. Be6+ Ke4 64. Ng5+ Kd3 65. Bxg8 Nc2+ 66.
Kf2 e4 67. d8=Q+ Nd4 68. Nxe4 1-0

[Event "V MTSz Klubu Polonia Wroclaw"]
[Site "Wroclaw"]
[Date "2010.06.29"]
[Round "5"]
[White "Bakalarz, Mietek"]
[Black "Laurusas, Tomas"]
[Result "1/2-1/2"]
[WhiteElo "2305"]
[BlackElo "2222"]
[PlyCount "158"]
[EventDate "2010.??.??"]

1. d4 Nf6 2. Bf4 g6 3. e3 Bg7 4. c4 O-O 5. Nc3 c5 6. Be2 d5 7. dxc5 Qa5 8. Nf3
Ne4 9. Be5 Nxc3 10. Qd2 Bxe5 11. Nxe5 dxc4 12. Qxc3 Qxc3+ 13. bxc3 Nd7 14. Nxd7
Bxd7 15. Rb1 Rab8 16. O-O Rfc8 17. Rfd1 Ba4 18. Rd5 e6 19. Rd4 Rxc5 20. Rxc4
Rxc4 21. Bxc4 Rc8 22. Bb3 Be8 23. c4 Kf8 24. f4 Ke7 25. Kf2 b6 26. Rd1 Rc7 27.
e4 f6 28. e5 fxe5 29. fxe5 Rc5 30. Re1 Bc6 31. g4 g5 32. Kg3 Be8 33. Bc2 Rxc4
34. Bxh7 Rc3+ 35. Kf2 Rh3 36. Be4 Rxh2+ 37. Kg3 Rxa2 38. Rh1 Ra3+ 39. Kf2 Ra4
40. Rh7+ Kd8 41. Bf3 Rf4 42. Ke3 Rf7 43. Rh8 Ke7 44. Rh2 a5 45. Rc2 Kd8 46.
Rd2+ Kc8 47. Rd6 b5 48. Rxe6 Kd8 49. Ra6 a4 50. Ra8+ Ke7 51. Bd5 Rf1 52. Ra7+
Kf8 53. Ra8 Rc1 54. Rb8 a3 55. Ke4 Ke7 56. Rb7+ Kd8 57. e6 Rc7 58. Rb8+ Ke7 59.
Ke5 Ra7 60. Ba2 Rc7 61. Bd5 Ra7 62. Ba2 Ra4 63. Rb7+ Kd8 64. Kd6 Rd4+ 65. Bd5
Rxd5+ 66. Kxd5 Kc8 67. Ra7 b4 68. Kc4 Kb8 69. Ra5 Kc7 70. Kxb4 Kd6 71. Rxa3
Kxe6 72. Re3+ Kf7 73. Kc5 Bd7 74. Re4 Kf6 75. Kd6 Bc8 76. Rb4 Be6 77. Rd4 Bc8
78. Re4 Kf7 79. Re5 Kf6 1/2-1/2

[Event "V MTSz Klubu Polonia Wroclaw"]
[Site "Wroclaw"]
[Date "2010.06.29"]
[Round "5"]
[White "Lach, Piotr"]
[Black "Aliavdin, Nikolai"]
[Result "0-1"]
[WhiteElo "2164"]
[BlackElo "2367"]
[PlyCount "92"]
[EventDate "2010.??.??"]

1. e4 c5 2. Nf3 d6 3. d4 cxd4 4. Nxd4 Nf6 5. Nc3 a6 6. Bg5 e6 7. f4 Be7 8. Qf3
Qc7 9. O-O-O Nbd7 10. g4 b5 11. a3 Rb8 12. Nb3 h6 13. Bh4 g5 14. Bg3 gxf4 15.
Bxf4 b4 16. axb4 Rxb4 17. h4 Bb7 18. Bd3 h5 19. gxh5 Nxh5 20. Bg5 Ne5 21. Qf2
f6 22. Be3 Rxb3 23. cxb3 Nxd3+ 24. Rxd3 Bxe4 25. Rhd1 Bxd3 26. Rxd3 d5 27. Kb1
Qg3 28. Qc2 Qg6 29. Rd2 Qxc2+ 30. Rxc2 Kf7 31. Rg2 Rg8 32. Rxg8 Kxg8 33. Kc2
Kf7 34. Kd3 Kg6 35. Na4 e5 36. Bc5 Nf4+ 37. Kd2 Bd8 38. Bb6 Bxb6 39. Nxb6 d4
40. Nd7 Kf5 41. b4 e4 42. Nc5 e3+ 43. Kd1 d3 44. h5 Kg5 45. Ne4+ Kxh5 46. Nxf6+
Kh4 0-1

[Event "V MTSz Klubu Polonia Wroclaw"]
[Site "Wroclaw"]
[Date "2010.06.29"]
[Round "5"]
[White "Schneider, Veronika"]
[Black "Lewicki, Miroslaw"]
[Result "1-0"]
[WhiteElo "2339"]
[BlackElo "2094"]
[PlyCount "93"]
[EventDate "2010.??.??"]

1. e4 c5 2. Nf3 d6 3. d4 cxd4 4. Qxd4 Nc6 5. Bb5 Bd7 6. Bxc6 Bxc6 7. Nc3 e5 8.
Qd3 Ne7 9. h4 f6 10. Bd2 d5 11. exd5 Nxd5 12. O-O-O Nxc3 13. Qxc3 Qd5 14. Kb1
Qc5 15. Rhe1 Qxc3 16. Bxc3 Rd8 17. Bd4 b6 18. h5 Be7 19. Be3 Kf7 20. c4 g5 21.
hxg6+ hxg6 22. Rxd8 Rxd8 23. Rh1 Be4+ 24. Kc1 g5 25. Rg1 Bxf3 26. gxf3 f5 27.
Kc2 f4 28. Bd2 Rh8 29. Kd3 Rd8+ 30. Kc2 Ke6 31. Bc3 Kf5 32. Re1 Bf6 33. Rh1 Rd7
34. Rh6 g4 35. Rh5+ Bg5 36. Bxe5 gxf3 37. Kc3 Kg4 38. Rh8 Be7 39. b4 Kf5 40.
Rh5+ Ke4 41. Bh8 Rd3+ 42. Kc2 Bd6 43. Rh6 Be5 44. Bxe5 Re3 45. fxe3 fxe3 46.
Bg3 f2 47. Bxf2 1-0

[Event "V MTSz Klubu Polonia Wroclaw"]
[Site "Wroclaw"]
[Date "2010.06.29"]
[Round "5"]
[White "Malec, Sebastian"]
[Black "Setkauskas, Vaidas"]
[Result "1-0"]
[WhiteElo "2114"]
[BlackElo "2246"]
[PlyCount "67"]
[EventDate "2010.??.??"]

1. e4 c5 2. Nf3 d6 3. d4 cxd4 4. Nxd4 Nf6 5. Nc3 g6 6. Be3 Bg7 7. f3 O-O 8. Qd2
Nc6 9. Bc4 Bd7 10. O-O-O Rc8 11. Bb3 Ne5 12. Kb1 a5 13. a4 Nc4 14. Bxc4 Rxc4
15. b3 Rc8 16. Ndb5 Re8 17. Bd4 h5 18. Qe3 Rc6 19. e5 dxe5 20. Bxe5 Rf8 21. Rd2
Qe8 22. Rhd1 Be6 23. Nc7 Qb8 24. N3b5 Nh7 25. Bg3 Bf5 26. Nd5 e5 27. Ne7+ Kh8
28. Nxc6 bxc6 29. Nd6 Bh6 30. Nxf7+ Rxf7 31. Bxe5+ Kg8 32. Rd8+ Rf8 33. Rxb8
Bxe3 34. Rb7 1-0

[Event "V MTSz Klubu Polonia Wroclaw"]
[Site "Wroclaw"]
[Date "2010.06.29"]
[Round "5"]
[White "Poznanska, Katarzyna"]
[Black "Sokalsky, Alexander"]
[Result "0-1"]
[WhiteElo "2068"]
[BlackElo "2217"]
[PlyCount "100"]
[EventDate "2010.??.??"]

1. e4 c6 2. d4 g6 3. Bd3 d5 4. e5 Bg7 5. Ne2 Qb6 6. O-O Nh6 7. Nbc3 Bg4 8. h3
Bxe2 9. Nxe2 e6 10. Bg5 Nd7 11. Qd2 Ng8 12. a4 a5 13. c3 Qc7 14. b3 Bf8 15.
Rfc1 Nb6 16. c4 Bb4 17. Qb2 Be7 18. Bd2 h5 19. Nf4 g5 20. cxd5 gxf4 21. d6 Qd7
22. dxe7 Nd5 23. Rc5 b6 24. Rxc6 Ngxe7 25. Rd6 Qb7 26. Bb5+ Kf8 27. Rd7 Qb8 28.
Qa3 Ra7 29. Rxa7 Qxa7 30. Qc1 Qc7 31. Qd1 Nf5 32. Rc1 Qd8 33. Qf3 Nxd4 34. Qd3
Nxb5 35. Qxb5 Rg8 36. b4 axb4 37. Bxb4+ Kg7 38. Rd1 Qg5 39. Rd3 Kh7 40. g3 fxg3
41. fxg3 Qxe5 42. Kf2 h4 43. g4 Qf4+ 44. Rf3 Qxb4 45. Rxf7+ Kg6 46. Qd7 Qd4+
47. Ke1 Qc3+ 48. Kf2 Qd2+ 49. Kg1 Qe1+ 50. Kh2 Qg3+ 0-1

[Event "V MTSz Klubu Polonia Wroclaw"]
[Site "Wroclaw"]
[Date "2010.06.29"]
[Round "5"]
[White "Obrusnik, Michal"]
[Black "Goslawski, Michal"]
[Result "1-0"]
[WhiteElo "2184"]
[BlackElo "2044"]
[PlyCount "87"]
[EventDate "2010.??.??"]

1. e4 e6 2. d4 d5 3. Nc3 Bb4 4. exd5 exd5 5. Qf3 Nc6 6. Nge2 Nge7 7. Bd2 Bf5 8.
O-O-O Qd7 9. h3 h5 10. a3 Bxc3 11. Qxc3 O-O-O 12. Bf4 h4 13. Kb1 f6 14. Nc1
Rde8 15. Nb3 b6 16. Ba6+ Kb8 17. a4 Nc8 18. a5 Nd6 19. f3 Re7 20. Rhe1 Rhe8 21.
Rxe7 Rxe7 22. Bf1 Nxa5 23. Nxa5 bxa5 24. Qxa5 Qc6 25. Qc5 Kb7 26. b3 g5 27. Bc1
Bg6 28. Ba3 Re3 29. Kb2 Nf5 30. Bd3 a6 31. Qxc6+ Kxc6 32. Bxa6 Nd6 33. Bf1 Bf7
34. Bd3 Be6 35. Bb4 Bf5 36. Bf1 Kd7 37. Ra1 Re8 38. Ra7 Rb8 39. Ba5 Ne8 40. Ra6
Nd6 41. Ra7 Nc4+ 42. Bxc4 dxc4 43. Rxc7+ Kd6 44. Rc5 1-0

[Event "V MTSz Klubu Polonia Wroclaw"]
[Site "Wroclaw"]
[Date "2010.06.29"]
[Round "5"]
[White "Limontaite, Simona"]
[Black "Czyz, Artur"]
[Result "0-1"]
[WhiteElo "2230"]
[BlackElo "2061"]
[PlyCount "84"]
[EventDate "2010.??.??"]

1. d4 g6 2. c4 Bg7 3. e4 d6 4. Nc3 Nf6 5. Be2 O-O 6. Bg5 Nbd7 7. Qd2 e5 8. d5
Nc5 9. f3 a5 10. O-O-O Bd7 11. Kb1 Qe8 12. Be3 b6 13. Nb5 Bxb5 14. cxb5 Nh5 15.
Bxc5 dxc5 16. a4 Rd8 17. Bd3 Qe7 18. Ne2 Qd6 19. Nc3 Rfe8 20. Ka2 Rf8 21. Nb1
Nf6 22. h4 h6 23. Na3 Ne8 24. g3 Qe7 25. Qg2 Nd6 26. f4 f5 27. exf5 e4 28. Bc4
gxf5 29. h5 Qf6 30. Bb3 Rde8 31. Qe2 Kh8 32. Rdg1 e3 33. Rb1 Re4 34. Bc4 Rfe8
35. b3 Rd4 36. Bd3 Rxd5 37. Rhd1 Qc3 38. Qc2 e2 39. Bxe2 Qxc2+ 40. Nxc2 Rxe2
41. Rxd5 Rxc2+ 42. Ka3 Bc3 0-1

[Event "V MTSz Klubu Polonia Wroclaw"]
[Site "Wroclaw"]
[Date "2010.06.29"]
[Round "5"]
[White "Svane, Rasmus"]
[Black "Kaczmarek, Maciej"]
[Result "1-0"]
[WhiteElo "2206"]
[BlackElo "2032"]
[PlyCount "83"]
[EventDate "2010.??.??"]

1. d4 Nf6 2. c4 e6 3. Nc3 d5 4. cxd5 exd5 5. Bg5 Nbd7 6. e3 c6 7. Bd3 Be7 8.
Qc2 O-O 9. Nge2 Re8 10. Bf4 Nf8 11. h3 Bd6 12. Bxd6 Qxd6 13. O-O-O b5 14. g4 b4
15. Na4 a5 16. Ng3 Ba6 17. Bxa6 Rxa6 18. Kb1 Raa8 19. Rc1 Rac8 20. Qd3 N8d7 21.
Rc2 Nb8 22. Rhc1 g6 23. Nc5 Nfd7 24. Nxd7 Qxd7 25. Qb3 Rc7 26. Ne2 Ra7 27. Qa4
Qd8 28. Nf4 Ree7 29. Nd3 f6 30. h4 Re4 31. Nxb4 Rxg4 32. Nxc6 Qd7 33. Qb3 Nxc6
34. Rxc6 Kg7 35. Qb8 Qf5+ 36. Ka1 Rf7 37. Rc7 Qe6 38. Rxf7+ Qxf7 39. a3 Kh6 40.
Rc7 Rg1+ 41. Ka2 Qe6 42. Qh8 1-0

[Event "V MTSz Klubu Polonia Wroclaw"]
[Site "Wroclaw"]
[Date "2010.06.29"]
[Round "5"]
[White "Sabuk, Piotr"]
[Black "Iwanow, Anna"]
[Result "1-0"]
[WhiteElo "2193"]
[BlackElo "2097"]
[PlyCount "35"]
[EventDate "2010.??.??"]

1. Nf3 Nf6 2. c4 g6 3. b4 Bg7 4. Bb2 a5 5. b5 b6 6. g3 Bb7 7. Bg2 O-O 8. O-O d5
9. cxd5 Bxd5 10. Nc3 Ne4 11. Qc2 Nxc3 12. dxc3 e6 13. Rfd1 Qe8 14. c4 Bxb2 15.
Qxb2 Bb7 16. Ne5 Bxg2 17. Ng4 f5 18. Nh6# 1-0

[Event "V MTSz Klubu Polonia Wroclaw"]
[Site "Wroclaw"]
[Date "2010.06.29"]
[Round "5"]
[White "Goluch, Piotr"]
[Black "Leks, Maria"]
[Result "1-0"]
[WhiteElo "2139"]
[BlackElo "1987"]
[PlyCount "125"]
[EventDate "2010.??.??"]

1. e4 d5 2. Nc3 dxe4 3. Nxe4 Bf5 4. Ng3 Bg6 5. d4 c6 6. Nf3 Nd7 7. h4 h6 8. h5
Bh7 9. Bd3 Bxd3 10. Qxd3 e6 11. Bf4 Qa5+ 12. Bd2 Bb4 13. c3 Be7 14. Ne4 Ngf6
15. Nxf6+ Nxf6 16. Ne5 Rd8 17. Qg3 c5 18. Qxg7 Rh7 19. Qg3 cxd4 20. O-O Bf8 21.
Rfe1 Rg7 22. Qf3 Qd5 23. Bxh6 Rg8 24. Bxf8 Kxf8 25. Rad1 Qxf3 26. Nxf3 d3 27.
h6 Ke7 28. Nd4 Nh5 29. g3 Kf6 30. Rxd3 Kg6 31. Red1 Rd5 32. Nb3 Rxd3 33. Rxd3
Nf6 34. Nc5 Rc8 35. Nd7 Ng4 36. f3 Nxh6 37. Ne5+ Kf6 38. f4 Rc7 39. Kf2 Ke7 40.
Rd1 f6 41. Rh1 Ng8 42. Nf3 Kd6 43. Nd4 a6 44. Rd1 Rd7 45. Nb3+ Ke7 46. Rxd7+
Kxd7 47. Nc5+ Kc6 48. Nxe6 Ne7 49. Nd8+ Kc7 50. Nf7 Nd5 51. Kf3 f5 52. Nh6 Ne7
53. g4 fxg4+ 54. Kxg4 Kd7 55. f5 Nd5 56. Kf3 b5 57. Ng4 Kd6 58. Ke4 a5 59. f6
Nc7 60. Kf5 b4 61. cxb4 axb4 62. Ne5 Nd5 63. Ng6 1-0

[Event "V MTSz Klubu Polonia Wroclaw"]
[Site "Wroclaw"]
[Date "2010.06.29"]
[Round "5"]
[White "Otto, Andreas"]
[Black "Zmarzly, Aleksandra"]
[Result "1/2-1/2"]
[WhiteElo "2131"]
[BlackElo "2026"]
[PlyCount "77"]
[EventDate "2010.??.??"]

1. e4 c5 2. Nf3 d6 3. d4 cxd4 4. Nxd4 Nf6 5. f3 Qb6 6. c4 Nc6 7. Nc2 e6 8. Nc3
a6 9. Be2 Be7 10. Rb1 O-O 11. Be3 Qc7 12. O-O Rd8 13. Qd2 Rb8 14. Rfc1 b6 15.
Bf1 Ne5 16. Nd4 Kh8 17. b4 Rg8 18. Kh1 Bb7 19. a4 Nfd7 20. Nb3 g5 21. a5 bxa5
22. Nxa5 Ba8 23. Qd4 Bf6 24. Qa7 Qc8 25. c5 dxc5 26. bxc5 Rxb1 27. Nxb1 Nc6 28.
Nxc6 Qxc6 29. Qxa6 g4 30. Qxc6 Bxc6 31. fxg4 Rxg4 32. Nc3 Bxc3 33. Rxc3 Rxe4
34. Kg1 Kg7 35. g3 Ra4 36. Rc2 Ne5 37. h3 Be4 38. Rb2 Ra3 39. Kf2 1/2-1/2

[Event "V MTSz Klubu Polonia Wroclaw"]
[Site "Wroclaw"]
[Date "2010.06.29"]
[Round "5"]
[White "Hetzer, Volkhard"]
[Black "Szumilas, Piotr"]
[Result "1/2-1/2"]
[WhiteElo "2063"]
[BlackElo "2197"]
[PlyCount "65"]
[EventDate "2010.??.??"]

1. e4 c5 2. Nf3 e6 3. Qe2 Nc6 4. g3 g6 5. Bg2 Bg7 6. O-O Nge7 7. d3 O-O 8. Nbd2
d5 9. Re1 b6 10. h4 h5 11. e5 Qc7 12. c3 Bb7 13. Nf1 b5 14. Bf4 b4 15. N1h2 Nf5
16. g4 hxg4 17. Nxg4 a5 18. Bg5 Rfb8 19. Nf6+ Kf8 20. h5 Nce7 21. hxg6 Nxg6 22.
Nh2 Bxf6 23. Bxf6 Ke8 24. Qg4 Kd7 25. Nf3 Rf8 26. Ng5 Nfe7 27. Rad1 Rae8 28. a3
bxc3 29. bxc3 Bc6 30. Rb1 Rb8 31. Nh7 Rg8 32. Ng5 Rgf8 33. Nh7 1/2-1/2

[Event "V MTSz Klubu Polonia Wroclaw"]
[Site "Wroclaw"]
[Date "2010.06.29"]
[Round "5"]
[White "Krawczyk, Andrzej"]
[Black "Belenkaya, Dina"]
[Result "1-0"]
[WhiteElo "2137"]
[BlackElo "2125"]
[PlyCount "79"]
[EventDate "2010.??.??"]

1. e4 c5 2. Nc3 Nc6 3. g3 e6 4. Bg2 Nf6 5. Nge2 d5 6. exd5 exd5 7. d4 cxd4 8.
Nxd4 Bb4 9. O-O O-O 10. Nde2 Re8 11. Bg5 Bg4 12. Bxf6 Qxf6 13. f3 Be6 14. h3
Rad8 15. a3 Ba5 16. Kh2 Bf5 17. b4 Bb6 18. f4 Nd4 19. Ra2 Nxe2 20. Nxe2 Be4 21.
Nc1 Qc3 22. Nd3 d4 23. Re1 f5 24. Re2 Qc6 25. Ne5 Qd5 26. Ra1 Bc7 27. Nd3 b6
28. Qf1 Re7 29. Rae1 Rde8 30. Ne5 Bxe5 31. Rxe4 fxe4 32. Rxe4 Qa2 33. fxe5 Rxe5
34. Rxd4 Qxc2 35. Rd7 Qg6 36. Bd5+ Kh8 37. Rf7 h6 38. Rf8+ Rxf8 39. Qxf8+ Kh7
40. Qg8# 1-0

[Event "V MTSz Klubu Polonia Wroclaw"]
[Site "Wroclaw"]
[Date "2010.06.30"]
[Round "6"]
[White "Piorun, Kacper"]
[Black "Bartel, Mateusz"]
[Result "0-1"]
[WhiteElo "2499"]
[BlackElo "2609"]
[PlyCount "98"]
[EventDate "2010.??.??"]

1. c4 e5 2. g3 Nc6 3. Bg2 d6 4. Nc3 Be6 5. d3 Qd7 6. e4 g6 7. Nd5 Bg7 8. Ne2
Nd8 9. d4 c6 10. Ne3 Bh3 11. Bxh3 Qxh3 12. d5 Nf6 13. Qd3 O-O 14. Bd2 b5 15.
cxb5 cxb5 16. f3 Nb7 17. Qxb5 Rfb8 18. Ng1 Qc8 19. Qc4 Qd8 20. Ne2 Qb6 21. Qc3
a5 22. Nc4 Qa6 23. O-O Nd7 24. Rac1 Nbc5 25. Qe3 a4 26. Rc2 f5 27. exf5 gxf5
28. Qg5 Rf8 29. Kh1 Nf6 30. Bb4 Nxd5 31. Ba3 Rad8 32. Rd1 Ne6 33. Qd2 Nd4 34.
Nxd4 exd4 35. Qd3 f4 36. Ne5 Qxd3 37. Nxd3 Ne3 38. Rdc1 Nxc2 39. Rxc2 fxg3 40.
f4 gxh2 41. Kxh2 Rfe8 42. Kg2 Rd7 43. Kf2 Bf6 44. Bb4 Re3 45. Rd2 Kf7 46. Nc1
Ke6 47. Ne2 Kd5 48. Bc3 Rxe2+ 49. Kxe2 Kc4 0-1

[Event "V MTSz Klubu Polonia Wroclaw"]
[Site "Wroclaw"]
[Date "2010.06.30"]
[Round "6"]
[White "Wojtaszek, Radoslaw"]
[Black "Fridman, Daniel"]
[Result "1/2-1/2"]
[WhiteElo "2663"]
[BlackElo "2654"]
[PlyCount "60"]
[EventDate "2010.??.??"]

1. d4 d5 2. c4 e6 3. Nf3 Nf6 4. g3 Bb4+ 5. Bd2 Bd6 6. Bg2 O-O 7. O-O c6 8. Qc2
Nbd7 9. Bf4 Bxf4 10. gxf4 b6 11. Ne5 Bb7 12. Nc3 Ne8 13. Qa4 Nxe5 14. fxe5 f5
15. f4 Nc7 16. Rac1 Qe7 17. Rc2 Rfd8 18. e3 dxc4 19. Qxc4 Nd5 20. Re1 Rac8 21.
Qe2 c5 22. Nxd5 Bxd5 23. Bxd5 Rxd5 24. b4 Rcd8 25. dxc5 bxc5 26. bxc5 Rxc5 27.
Rd1 Rxd1+ 28. Qxd1 Rxc2 29. Qxc2 Kf7 30. Qc6 Qa3 1/2-1/2

[Event "V MTSz Klubu Polonia Wroclaw"]
[Site "Wroclaw"]
[Date "2010.06.30"]
[Round "6"]
[White "Markus, Robert"]
[Black "Macieja, Bartlomiej"]
[Result "1/2-1/2"]
[WhiteElo "2615"]
[BlackElo "2618"]
[PlyCount "123"]
[EventDate "2010.??.??"]

1. g3 c5 2. Bg2 g6 3. c4 Bg7 4. Nc3 Nc6 5. Nf3 Nf6 6. d4 cxd4 7. Nxd4 O-O 8.
O-O Nxd4 9. Qxd4 d6 10. Qd3 a6 11. Be3 Bf5 12. Qd2 Qd7 13. Rfd1 Bh3 14. Bf3 Ng4
15. Bd4 Ne5 16. Bxe5 Bxe5 17. c5 Bg4 18. cxd6 Bxd6 19. Ne4 Bxf3 20. exf3 Qf5
21. Nxd6 exd6 22. Kg2 Rfd8 23. Qb4 Qc5 24. Qxb7 Rab8 25. Qe7 Re8 26. Qxd6 Qxd6
27. Rxd6 Rxb2 28. Rxa6 Ree2 29. Rf1 Rxa2 30. Rxa2 Rxa2 31. g4 Ra5 32. Kg3 h5
33. Re1 Kg7 34. h3 Rb5 35. f4 hxg4 36. hxg4 f5 37. f3 Rb4 38. Ra1 fxg4 39. fxg4
Rb7 40. Ra3 Rf7 41. Kf3 Re7 42. Ra4 Kf6 43. Re4 Ra7 44. Rc4 Re7 45. Rd4 Kg7 46.
Rd6 Kf7 47. Kg3 Ra7 48. Kh4 Kg7 49. Kg5 Ra5+ 50. f5 gxf5 51. gxf5 Ra1 52. Rd7+
Kg8 53. Kg6 Rg1+ 54. Kf6 Rf1 55. Rd5 Rf2 56. Rd1 Rf3 57. Rg1+ Kf8 58. Kg6 Kg8
59. Ra1 Rg3+ 60. Kf6 Rf3 61. Ra8+ Kh7 62. Ra7+ 1/2-1/2

[Event "V MTSz Klubu Polonia Wroclaw"]
[Site "Wroclaw"]
[Date "2010.06.30"]
[Round "6"]
[White "Markowski, Tomasz"]
[Black "Sakalauskas, Vaidas"]
[Result "1-0"]
[WhiteElo "2628"]
[BlackElo "2412"]
[PlyCount "95"]
[EventDate "2010.??.??"]

1. c4 Nf6 2. g3 d5 3. cxd5 Nxd5 4. Bg2 g6 5. Nc3 Nb6 6. b3 Bg7 7. Ba3 O-O 8.
Nf3 Re8 9. O-O e5 10. d3 Nc6 11. Rc1 Nd4 12. Nd2 c6 13. e3 Ne6 14. Nc4 f5 15.
Qc2 Nc7 16. Rfd1 Ncd5 17. Nxd5 cxd5 18. Nd6 Rf8 19. Qc7 Be6 20. Nxb7 Qxc7 21.
Rxc7 Rfc8 22. Rdc1 e4 23. Bf1 Be5 24. Re7 Re8 25. Rxe8+ Rxe8 26. d4 Bb8 27. Na5
Bd7 28. Ba6 Kf7 29. Nc6 Bxc6 30. Rxc6 Re6 31. Rc2 Bd6 32. Bc5 Kf6 33. Bxb6 axb6
34. Bb7 Re8 35. Rc6 Ke7 36. Rxb6 Rb8 37. a4 Bc7 38. Rb5 Kd7 39. Rxd5+ Bd6 40.
Rb5 Kc7 41. Ba6 Ra8 42. Rb7+ Kc6 43. d5+ Kxd5 44. Bc4+ Ke5 45. Rxh7 g5 46. Rh6
Re8 47. Rg6 g4 48. a5 1-0

[Event "V MTSz Klubu Polonia Wroclaw"]
[Site "Wroclaw"]
[Date "2010.06.30"]
[Round "6"]
[White "Bebel, Arkadiusz"]
[Black "Simacek, Pavel"]
[Result "1/2-1/2"]
[WhiteElo "2247"]
[BlackElo "2518"]
[PlyCount "159"]
[EventDate "2010.??.??"]

1. e4 c5 2. c3 d5 3. exd5 Qxd5 4. d4 g6 5. Nf3 Bg7 6. Na3 cxd4 7. Bc4 Qe4+ 8.
Be3 Nh6 9. cxd4 O-O 10. Nb5 Nc6 11. Nc3 Qg4 12. O-O Nf5 13. h3 Qh5 14. Qd2 Bd7
15. Rad1 Rad8 16. Be2 Nxe3 17. fxe3 Qa5 18. Bc4 Be8 19. Qf2 e5 20. d5 Ne7 21.
Bb3 Nf5 22. Nd2 Bh6 23. Rfe1 Qc5 24. Nf1 Qe7 25. Ne4 Bb5 26. Nh2 Nd6 27. Nxd6
Rxd6 28. Ng4 Bg7 29. e4 b6 30. Ne3 Rc8 31. Rc1 Rdd8 32. Bc4 Be8 33. a3 Qg5 34.
Ba6 Rxc1 35. Rxc1 f5 36. Rc7 Bf8 37. b4 Bh6 38. Nf1 fxe4 39. Rxa7 e3 40. Qf3
Qf5 41. Qe2 b5 42. a4 bxa4 43. Bd3 e4 44. Bc4 Bf7 45. Nxe3 Qf6 46. Ng4 Qa1+ 47.
Qf1 Qxf1+ 48. Kxf1 Bg7 49. Rxa4 Kf8 50. Ke2 Bxd5 51. Bxd5 Rxd5 52. Nf2 Rd4 53.
Ke3 Rc4 54. Nxe4 Bb2 55. Ra8+ Ke7 56. Rb8 h5 57. b5 Be5 58. Rb7+ Ke6 59. Nd2
Rb4 60. Nf3 Bf4+ 61. Kd3 Rb2 62. Ke4 Bg3 63. Rb6+ Kf7 64. Ng5+ Kg7 65. Ne6+ Kf7
66. Ng5+ Kg7 67. Rb7+ Kf6 68. Nh7+ Ke6 69. Nf8+ Kf6 70. Nd7+ Kg5 71. b6 Kh4 72.
Ra7 Bf2 73. Ra6 g5 74. Ne5 Kg3 75. Nd3 Rxb6 76. Rxb6 Bxb6 77. Kf5 Be3 78. Kg6
g4 79. Kxh5 gxh3 80. gxh3 1/2-1/2

[Event "V MTSz Klubu Polonia Wroclaw"]
[Site "Wroclaw"]
[Date "2010.06.30"]
[Round "6"]
[White "Krupa, Monika"]
[Black "Warakomski, Tomasz"]
[Result "0-1"]
[WhiteElo "2214"]
[BlackElo "2499"]
[PlyCount "60"]
[EventDate "2010.??.??"]

1. e4 g6 2. d4 Bg7 3. Nc3 c6 4. Nf3 d6 5. a4 Nd7 6. a5 Nh6 7. Bc4 b5 8. axb6
Nxb6 9. Bb3 e6 10. O-O f6 11. e5 fxe5 12. dxe5 d5 13. Be3 Nf7 14. Re1 Qc7 15.
Bc5 Nd7 16. Bd6 Qd8 17. Nxd5 cxd5 18. Bxd5 exd5 19. e6 Nxd6 20. exd7+ Kxd7 21.
Qxd5 Bb7 22. Qe6+ Kc7 23. Qe7+ Qd7 24. Qg5 Rae8 25. Qa5+ Kc8 26. Red1 Qc7 27.
Qb4 Bxf3 28. gxf3 Nc4 29. Ra4 Nb6 30. Ra3 Kb8 0-1

[Event "V MTSz Klubu Polonia Wroclaw"]
[Site "Wroclaw"]
[Date "2010.06.30"]
[Round "6"]
[White "Baklan, Vladimir"]
[Black "Luch, Michal"]
[Result "1-0"]
[WhiteElo "2633"]
[BlackElo "2398"]
[PlyCount "93"]
[EventDate "2010.??.??"]

1. e4 e6 2. d4 d5 3. Nc3 dxe4 4. Nxe4 Bd7 5. Nf3 Bc6 6. Bd3 Nd7 7. O-O Ngf6 8.
Ned2 Be7 9. c3 O-O 10. Qe2 b6 11. Nc4 Bb7 12. Rd1 c5 13. dxc5 Bxc5 14. Bf4 Nd5
15. Bg3 Qf6 16. Qd2 Qh6 17. Qxh6 gxh6 18. Rac1 Rfd8 19. Nd6 Bxd6 20. Bxd6 Nc5
21. Bxc5 bxc5 22. Bf1 Nf4 23. Ne1 Kf8 24. g3 Ng6 25. Be2 Ke7 26. Bf3 Bd5 27.
Bxd5 exd5 28. Nd3 Kd6 29. Kf1 a5 30. Rc2 c4 31. Ne1 Ne5 32. Rd4 Kc5 33. Rf4 Rd6
34. Rf5 f6 35. Rd2 Rb8 36. Ke2 Kc6 37. Kd1 Kd7 38. Rh5 Ke6 39. f4 Ng4 40. Re2+
Kf7 41. h3 Ne3+ 42. Rxe3 Rxb2 43. Nc2 Rxa2 44. Kc1 Rb6 45. Rxd5 Rbb2 46. Rd2 a4
47. Re4 1-0

[Event "V MTSz Klubu Polonia Wroclaw"]
[Site "Wroclaw"]
[Date "2010.06.30"]
[Round "6"]
[White "Kalvaitis, Sigitas"]
[Black "Swiercz, Dariusz"]
[Result "1/2-1/2"]
[WhiteElo "2290"]
[BlackElo "2501"]
[PlyCount "77"]
[EventDate "2010.??.??"]

1. e4 c5 2. Nf3 e6 3. c3 d5 4. exd5 Qxd5 5. d4 Nf6 6. Be2 Nc6 7. Na3 cxd4 8.
Nb5 Qd8 9. Nbxd4 Nxd4 10. Qxd4 Qxd4 11. Nxd4 Bd6 12. Bf3 a6 13. O-O e5 14. Re1
O-O 15. Nb3 Rb8 16. Bg5 Bf5 17. Rad1 Rfd8 18. Rd2 b6 19. Bh4 a5 20. Bg3 a4 21.
Nc1 Bc7 22. Rde2 Nd7 23. Bc6 a3 24. bxa3 f6 25. Nb3 Nf8 26. Nd4 Bd3 27. Rd2 Bc4
28. Red1 Ng6 29. Nb5 Rxd2 30. Rxd2 Rd8 31. Rd7 Rxd7 32. Bxd7 Bd8 33. f3 Bxa2
34. Bf2 Nf4 35. Be3 Nd3 36. Nd6 Nb2 37. Nc8 b5 38. Bxb5 Ba5 39. Nb6 1/2-1/2